Le visage de la Paix /

Main Author: Picasso, Pablo, 1881-1973
Other Authors: Éluard, Paul, 1895-1952
Language: French
Published: Paris : Cercle d'Art, 1951
Physical Description: 1 nestránkovaný svazek.
Book
Saved in:
LEADER 00623nam a22001932a 4500
001 000485455
003 CZ BrMZK
005 20000105143423.0
007 ta
008 000105s1951 fr f fre d
040 |a BOA001  |b cze 
100 1 |a Picasso, Pablo,  |d 1881-1973  |7 jn19990006541 
245 1 3 |a Le visage de la Paix /  |c P. Picasso a P. Éluard. 
260 |a Paris :  |b Cercle d'Art,  |c 1951 
300 |a 1 nestránkovaný svazek. 
700 1 |a Éluard, Paul,  |d 1895-1952  |7 jn19981000975 
910 |a BOA001  |b 4-0325.502 
990 |a BK 
996 6 |b 2619767274  |c 4-0325.502  |l MZK  |r Sklad / do 24 hodin  |n 2  |w 000485455  |u 000010  |a 1  |e BOA001  |j MZK50  |s P